<?xml version="1.0" encoding="UTF-8"?>
<collection xmlns="http://www.loc.gov/MARC21/slim">
  <record>
    <leader>00000nam  2200000   4500</leader>
    <datafield tag="247" ind1="#" ind2="#">
      <subfield code="a"/>
    </datafield>
    <datafield tag="856" ind1="#" ind2="#">
      <subfield code="a"/>
    </datafield>
    <datafield tag="700" ind1=" " ind2="#">
      <subfield code="a"/>
    </datafield>
    <datafield tag="650" ind1=" " ind2="#">
      <subfield code="a">Sinergitas Perangkat Daerah</subfield>
    </datafield>
    <datafield tag="520" ind1=" " ind2="#">
      <subfield code="a">Proyek perubahan ini merupakan sebuah inovasi yang bertujuan untuk memfasilitasi terbangunnya hubungan koordinasi, komunikasi dan kerja sama yang lebih baik antara perangkat daerah dengan staf ahli bupati dilingkungan Pemerintah Kabupaten Halmahera Tengah.  Koordinasi antara perangkat daerah dengan staf ahli Bupati memiliki banyak manfaat diantaranya adalah mendapatkan data dan informasi yang dapat dijadikan sebagai bahan analisis untuk kebijakan daerah atau kebijakan Bupati.</subfield>
    </datafield>
    <datafield tag="321" ind1="#" ind2="#">
      <subfield code="a"/>
    </datafield>
    <datafield tag="310" ind1="#" ind2="#">
      <subfield code="a"/>
    </datafield>
    <datafield tag="300" ind1="#" ind2="#">
      <subfield code="a">56 hlm. :</subfield>
      <subfield code="b">ill. ;</subfield>
      <subfield code="c">30 cm</subfield>
      <subfield code="e"/>
    </datafield>
    <datafield tag="260" ind1="#" ind2="#">
      <subfield code="a">Jakarta :</subfield>
      <subfield code="b">Pusbangkom Pimnas dan Manajerial ASN. ;</subfield>
      <subfield code="c">2024</subfield>
    </datafield>
    <controlfield tag="001">$a INLIS000000000020885</controlfield>
    <datafield tag="245" ind1="#" ind2="#">
      <subfield code="a">Membangun Sinergitas Perangkat Daerah Dalam Mendukung Kebijakan Kepala Daerah Di Kabupaten Halmahera Tengah</subfield>
      <subfield code="b"/>
      <subfield code="c">Hakkamy Husain</subfield>
    </datafield>
    <datafield tag="100" ind1=" " ind2="#">
      <subfield code="a">Hakkamy Husain</subfield>
    </datafield>
    <datafield tag="084" ind1="#" ind2="#">
      <subfield code="a">R 0165 PKN II 2024</subfield>
    </datafield>
    <datafield tag="082" ind1="#" ind2="#">
      <subfield code="a"/>
    </datafield>
    <datafield tag="035" ind1="#" ind2="#">
      <subfield code="a">0010-0426000042</subfield>
    </datafield>
    <datafield tag="020" ind1="#" ind2="#">
      <subfield code="a"/>
    </datafield>
    <controlfield tag="008">$a 260427################g##########0#ind##</controlfield>
    <controlfield tag="005">$a 20260427143126</controlfield>
  </record>
</collection>
